|
|
|
|
| LEADER |
00756nab a2200181 i 4500 |
| 001 |
misc7840 |
| 005 |
20191106144028.0 |
| 008 |
170607s1903 hu o 0|| hun d |
| 022 |
|
|
|a 0025-0260
|
| 040 |
|
|
|a SZTE Miscellanea Repozitórium
|b hun
|
| 041 |
|
|
|a hun
|
| 100 |
1 |
|
|a Kőrösi Henrik
|
| 245 |
1 |
2 |
|a A beszéd- és értelemgyakorlatok tanítása a szászországi népiskolákban
|h [elektronikus dokumentum] /
|c Kőrösi Henrik
|
| 260 |
|
|
|c 1903
|
| 300 |
|
|
|a 9-21
|
| 490 |
0 |
|
|a Magyar pedagógia : a Magyar Tudományos Akadémia Pedagógiai Bizottságának folyóirata
|v 12
|
| 695 |
|
|
|a Magyar nyelv tanítása Németország, Szászország, Beszéd- és értelemgyakorlatok
|
| 856 |
4 |
0 |
|u http://misc.bibl.u-szeged.hu/7840/1/mp_1903_0850_009-021.pdf
|z Dokumentum-elérés
|